| 000 | 00690nam a2200229 a 4500 | ||
|---|---|---|---|
| 999 |
_c11561 _d11561 |
||
| 001 | 11561 | ||
| 003 | BD-JhCC | ||
| 005 | 20220825134022.0 | ||
| 008 | 200329b20172020bg a|||| ||a| 000 0 mul d | ||
| 020 | _a9789848040768 | ||
| 035 | _a(BD-JhCC)11561 | ||
| 040 |
_aBD-JhCC _dBD-JhCC |
||
| 041 | _amul | ||
| 082 |
_a005.1 _bMAH 2020 |
||
| 100 | _aমাহবুব, ঝংকার | ||
| 245 |
_aপ্রোগ্রামিংয়ের বলদ টু বস / _cঝংকার মাহবুব । |
||
| 260 |
_aঢাকা: _bআদর্শ; _c২০২০. |
||
| 300 |
_a126 p. : _bill; _c22 cm. |
||
| 650 | _aComputer programming | ||
| 942 |
_2ddc _cBK _05 |
||